Régimen local : I. Ley de Bases de 1945, II. Texto refundido de la Ley de 1955. III. Disposiciones complementarias : comentado concordado y extensamente anotado por la redacción de El Consultor de los Ayuntamientos I. Ley de Bases de 1945, II. Texto refundido de la Ley de 1955. III. Disposiciones complementarias :
MARC
| LEADER | 00000nam a2200000Ia 4500 | ||
|---|---|---|---|
| 001 | 13941 | ||
| 008 | 160829s1956 xx 000 0 cat d | ||
| 080 | |a D-2-30 | ||
| 100 | |a Espanya. Lleis, etc. |9 23269 | ||
| 245 | |a Régimen local : |b I. Ley de Bases de 1945, II. Texto refundido de la Ley de 1955. III. Disposiciones complementarias : |b comentado concordado y extensamente anotado por la redacción de El Consultor de los Ayuntamientos | ||
| 250 | |a 3a ed. | ||
| 260 | |a Madrid : |b Abella, |c 1956 | ||
| 300 | |a 1485 p. ; |c 21 cm | ||
| 590 | |a Índex. | ||
| 590 | |a Conté: La Ley de Bases de 17 de julio de 1945; el texto refundido de 24 de junio de 1945 y varias disposiciones complementarias. | ||
| 590 | |a Legislació comentada | ||
| 650 | 0 | |a Administració local |x Dret i legislació |z Espanya |9 11255 | |
| 901 | |a Arxiu | ||
| 942 | |n 1 | ||
| 952 | |0 0 |1 0 |4 0 |6 D230 |7 1 |9 42645 |a Arxiu |b Arxiu |d 2016-12-01 |l 0 |o D-2-30 |p 13941 |r 2016-12-01 00:00:00 |w 2016-12-01 |y ARXIU | ||
| 999 | |c 45151 |d 45151 | ||